00761cam a22002057a 4500003000500000005001700005008004100022010001000063011001000073035001000083040000900093100003200102245013700134260004100271300002100312502010200333650005100435650003200486650003700518CHAP20220329142349.0000929d2000 mx r 00110 spa d a82404 a83376 a93888 cCHAP00aTorres Guerrero, Francisco.10aAnálisis y perpectivas de la ganaderia en el ejido San Isidro, municipio de Nahuatzen, Michoacánc/por Francisco Torres Guerrero aChapingo, Méx. :bEl autor,c2000. a200 h. :btablas aTesis (M.C. en Desarrollo Rural Regional) -- UACH. Centro Regional Universitario Centro Occidente14aDesarrollo de la comunidad ruralxMichoacán.14aGanado vacunoxMichoacán.14aSistemas de producción animal.